000 00432nmm a2200157Ia 4500
008 251105s9999||||xx |||||||||||||||||und||
020 _a9788498385632
041 _aspa
100 _aSalter, James
245 0 _aAños luz
264 _a[Madrid, España] :
_bEdiciones Salamandra,
_c2014
300 _a384 páginas
650 _aNorth American narrative
856 _uhttps://public.digitaliapublishing.com/a/48285
942 _cCF
999 _c91764
_d91764